Bóng tối kinh hoàng ( Tiểu thuyết Mỹ ) = Are you afraid of the dark?
Wedi'i Gadw mewn:
| Prif Awdur: | |
|---|---|
| Fformat: | Llyfr |
| Iaith: | Undetermined |
| Cyhoeddwyd: |
Hà Nội
Văn Học
2007
|
| Pynciau: | |
| Tagiau: |
Ychwanegu Tag
Dim Tagiau, Byddwch y cyntaf i dagio'r cofnod hwn!
|
| Thư viện lưu trữ: | Trung tâm Học liệu Trường Đại học Cần Thơ |
|---|
| LEADER | 00661nam a2200217Ia 4500 | ||
|---|---|---|---|
| 001 | CTU_128343 | ||
| 008 | 210402s9999 xx 000 0 und d | ||
| 020 | |c 48000 | ||
| 082 | |a 813.54 | ||
| 082 | |b S544 | ||
| 100 | |a Sheldon, Sidney | ||
| 245 | 0 | |a Bóng tối kinh hoàng ( Tiểu thuyết Mỹ ) = | |
| 245 | 0 | |b Are you afraid of the dark? | |
| 245 | 0 | |c Sidney Sheldon; Lan Châu biên dịch | |
| 260 | |a Hà Nội | ||
| 260 | |b Văn Học | ||
| 260 | |c 2007 | ||
| 650 | |a Spy stories, American,Romantic suspense fiction, American | ||
| 650 | |y 21st century | ||
| 904 | |i Minh | ||
| 980 | |a Trung tâm Học liệu Trường Đại học Cần Thơ | ||